Normal view
MARC view
- Monismith, Carl L.
Entry Personal Name
001 - CONTROL NUMBER
- control field: 21620
003 - CONTROL NUMBER IDENTIFIER
- control field: NUST
005 - DATE AND TIME OF LATEST TRANSACTION
- control field: 20190926140552.0
008 - FIXED-LENGTH DATA ELEMENTS
- fixed length control field: 190926|| aca||aabn | a|a d
040 ## - CATALOGING SOURCE
- Original cataloging agency: NUST
- Transcribing agency: NUST
100 ## - HEADING--PERSONAL NAME
- Personal name: Monismith, Carl L.
670 ## - SOURCE DATA FOUND
- Source citation: Work cat.: (NUST): Finn, Fred N. 21618, Asphalt overlay design procedures /, [1984]
